Убить чужого (Запись № 603762)

Подробности
000 -МАРКЕР
контрольное поле 04661nam0a2200469 4500
001 - ИДЕНТИФИКАТОР ЗАПИСИ
контрольное поле RU\NLR\bibl\1313012
005 - ИДЕНТИФИКАТОР ВЕРСИИ
контрольное поле 20260407191130.0
010 ## - МЕЖДУНАРОДНЫЙ СТАНДАРТНЫЙ НОМЕР КНИГИ (ISBN)
Номер (ISBN) 978-5-17-055166-8
Уточнения АСТ
010 ## - МЕЖДУНАРОДНЫЙ СТАНДАРТНЫЙ НОМЕР КНИГИ (ISBN)
Номер (ISBN) 978-5-9713-9101-2
Уточнения АСТ Москва
Тираж 5000
021 ## - НОМЕР ГОСУДАРСТВЕННОЙ РЕГИСТРАЦИИ
Код страны Российская Федерация
Номер 2008-89113
Номер Листа государственной регистраци 5206
035 ## - ДРУГИЕ СИСТЕМНЫЕ НОМЕРА
Идентификатор записи (NLR Aleph) 001298440
100 ## - ДАННЫЕ ОБЩЕЙ ОБРАБОТКИ
Данные общей обработки 20081111d2008 |||y0rusy50 ca
101 0# - ЯЗЫК РЕСУРСА
Язык текста, звукозаписи и т.д. русский
102 ## - СТРАНА ПУБЛИКАЦИИ ИЛИ ПРОИЗВОДСТВА
Страна публикации Российская Федерация
105 ## - ПОЛЕ КОДИРОВАННЫХ ДАННЫХ: ТЕКСТОВЫЕ МАТЕРИАЛЫ, МОНОГРАФИЧЕСКИЕ
Кодированные данные о монографическом текстовом документе y |||||||||
200 1# - ЗАГЛАВИЕ И СВЕДЕНИЯ ОБ ОТВЕТСТВЕННОСТИ
Основное заглавие Убить чужого
Сведения, относящиеся к заглавию [сборник произведений звезд русской фантастики]
Первые сведения об ответственности EUROCON 2008
Последующие сведения об ответственности сост. Андрей Синицын
210 ## - ПУБЛИКАЦИЯ, РАСПРОСТРАНЕНИЕ И ДР.
Место издания, распространения и т.д. Москва
Имя издателя, распространителя и т. д. Эксмо
Дата издания, распространения и т.д. 2008
215 ## - ФИЗИЧЕСКАЯ ХАРАКТЕРИСТИКА
Специфическое обозначение материала и объем 478, [1] с.
Размеры 22
225 1# - СЕРИЯ
Основное заглавие серии Только новые произведения
327 0# - ПРИМЕЧАНИЯ О СОДЕРЖАНИИ
Текст примечания Содерж.: Чоза грибы / Леонид Каганов. Мы работаем за деньги / Олег Дивов. Время разбрасывать камни / Евгений Лукин. Аська / Ирина Андронати, Андрей Лазарчук. Зеленые нечеловечки / Василий Головачев. Трудно одержать поражение / Владимир Михайлов. Скверна / Александр Громов. Заколдованный сектор / Владимир Васильев. Сказка о трусливом портняжке / Сергей Лукьяненко. Дипломатический вопрос / Вадим Панов [и др.]
464 #0 - АНАЛИТИЧЕСКИЙ УРОВЕНЬ
Встроенное поле 2001#$aЧоза грбы
-- 700#1$aКаганов$bЛ.$gЛеонид$4070
Заглавие Чоза грбы
Автор Каганов, Леонид
464 #0 - АНАЛИТИЧЕСКИЙ УРОВЕНЬ
Встроенное поле 2001#$aМы работаем за деньги
-- 700#1$3RU\NLR\auth\7723382$aДивов$bО. И.$f1968-$gОлег Игоревич$4070
Заглавие Мы работаем за деньги
Автор Дивов, Олег Игоревич (1968-)
464 #0 - АНАЛИТИЧЕСКИЙ УРОВЕНЬ
Встроенное поле 2001#$aВремя разбрасывать камни
-- 700#1$3RU\NLR\auth\7746705$aЛукин$bЕ. В.$gЕвгений Валентинович$f1956-$4070
Заглавие Время разбрасывать камни
Автор Лукин, Евгений Валентинович (1956-)
464 #0 - АНАЛИТИЧЕСКИЙ УРОВЕНЬ
Встроенное поле 2001#$aАська
-- 700#1$aАндронати$bИ.$gИрина$4070
-- 701#1$aЛазарчук$bА. Г.$f1958-$gАндрей$3RU\NLR\AUTH\770192223$4070
Заглавие Аська
Автор Андронати, Ирина
464 #0 - АНАЛИТИЧЕСКИЙ УРОВЕНЬ
Встроенное поле 2001#$aЗеленые нечеловечки
-- 700#1$3RU\NLR\auth\77906$aГоловачев$bВ. В.$f1948-$gВасилий Васильевич$4070
Заглавие Зеленые нечеловечки
Автор Головачев, Василий Васильевич (1948-)
464 #0 - АНАЛИТИЧЕСКИЙ УРОВЕНЬ
Встроенное поле 2001#$aТрудно одержать поражение
-- 700#1$3RU\NLR\auth\7716908$aМихайлов$bВ. Д.$cписатель-фантаст$f1929-2008$gВладимир Дмитриевич$4070
Заглавие Трудно одержать поражение
Автор Михайлов, Владимир Дмитриевич (писатель-фантаст ; 1929-2008)
464 #0 - АНАЛИТИЧЕСКИЙ УРОВЕНЬ
Встроенное поле 2001#$aСкверна
-- 700#1$3RU\NLR\AUTH\777965$aГромов$bА. Н.$cписатель-фантаст$f1959-$gАлександр Николаевич$4070
Заглавие Скверна
Автор Громов, Александр Николаевич (писатель-фантаст ; 1959-)
464 #0 - АНАЛИТИЧЕСКИЙ УРОВЕНЬ
Встроенное поле 2001#$aЗаколдованный сектор
-- 700#1$3RU\NLR\auth\771678$aВасильев$bВ. Н.$cфантаст$f1967-$gВладимир Николаевич$4070
Заглавие Заколдованный сектор
Автор Васильев, Владимир Николаевич (фантаст ; 1967-)
464 #0 - АНАЛИТИЧЕСКИЙ УРОВЕНЬ
Встроенное поле 2001#$aСказка о трусливом портняжке
-- 700#1$3RU\NLR\auth\77833$aЛукьяненко$bС. В.$f1968-$gСергей Васильевич$4070
Заглавие Сказка о трусливом портняжке
Автор Лукьяненко, Сергей Васильевич (1968-)
464 #0 - АНАЛИТИЧЕСКИЙ УРОВЕНЬ
Встроенное поле 2001#$aДипломатический вопрос
-- 700#1$aПанов$bВ.$gВадим$4070
Заглавие Дипломатический вопрос
Автор Панов, Вадим
686 ## - ИНДЕКСЫ ДРУГИХ КЛАССИФИКАЦИЙ
Индекс Ш6(2=Р)75-445
702 #1 - ИМЯ ЛИЦА - ВТОРИЧНАЯ ОТВЕТСТВЕННОСТЬ
Начальный элемент ввода Синицын
Часть имени, кроме начального элемента ввода А.
Расширение инициалов личного имени Андрей
Код отношения Составитель
711 12 - НАИМЕНОВАНИЕ ОРГАНИЗАЦИИ - АЛЬТЕРНАТИВНАЯ ОТВЕТСТВЕННОСТЬ
Начальный элемент ввода "Еврокон", конференция профессионалов и любителей фантастики
Дата проведения временной организации 2008
Место проведения временной организации Россия
Идентификатор авторитетной/нормативной записи RU\NLR\AUTH\8810124115
Системный номер авторитетной/нормативной записи 745864
801 #0 - ИСТОЧНИК ЗАПИСИ
Страна Российская Федерация
Организация ЦУНБ Москва
Дата составления 20081111
Правила каталогизации rcr
801 #1 - ИСТОЧНИК ЗАПИСИ
Страна Российская Федерация
Организация ЦУНБ Москва
Дата составления 20081111
Источник данных rusmarc
801 #2 - ИСТОЧНИК ЗАПИСИ
Страна Российская Федерация
Организация NLR
Дата составления 20081226
Правила каталогизации rcr
942 ## - ДОПОЛНИТЕЛЬНЫЕ ЭЛЕМЕНТЫ ЗАПИСИ (АБИС)
Тип экземпляра АБИС Книга
980 ## - КОЛЛЕКЦИЯ
Название коллекции Национальная библиография
Экземпляры
Тип экземпляра Дата поступления Источник поступления Библиотека постоянного хранения Библиотека текущего хранения Место хранения Шифр хранения Штрих-код Статус экземпляра
Книга 26.12.2008 Обязательный экземпляр РНБ (Московский) РНБ (Московский) Русский книжный фонд: издания с 1957 года 2008-5/11504 2823737  
Книга 26.12.2008 Обязательный экземпляр РНБ (Московский) РНБ (Московский) Русский книжный фонд: издания с 1957 года 2008-5/11504 2823738